000
00290cam a22001097a 4500
008
180718b1972 xxu||||| |||| 00| 0 eng d
082
_a
X6x42 Un3 69
245
_a
New roads in towns
_c
by Her Majesty's
260
_a
London
_b
Her Majesty's
_c
1972
300
_a
44p
700
_a
U.K. Her Majesty's
999
_c
414599
_d
414599